000
00291nam a22001337a 4500
008
170301b xxu||||| |||| 00| 0 eng d
020
_a
8634305570
041
_a
SRB
080
_a
616.8 006
100
_a
6
101
_a
SHM
245
_a
KAKO POBIJEDITI RAK
_c
PAVELIC.T
942
_2
udc
_c
BK
999
_c
6472
_d
6472